Contabilidad y auditoría (Registro nro. 17111)

Detalles MARC
000 -LEADER
fixed length control field 00321 a2200109 4500
001 - CONTROL NUMBER
control field ART_2118
005 - DATE AND TIME OF LATEST TRANSACTION
control field 20260410161723.0
008 - FIXED-LENGTH DATA ELEMENTS--GENERAL INFORMATION
fixed length control field 260409a
100 1# - MAIN ENTRY--PERSONAL NAME
Personal name García, Sergio O.
245 10 - TITLE STATEMENT
Title Contabilidad y auditoría
773 0# - HOST ITEM ENTRY
Title Administración de empresas
Related parts - Año XVI, Nº 188 (nov. 1985)
Record control number REV2036

No hay ítems disponibles.